Разработка адаптера и системы телевизионного ввода изображений в ЭВМ; Телевизионная система подсчета и ввода числа объектов в ЭВМ: Отчет о НИР; Тема: № 10-62/74

গ্রন্থ-পঞ্জীর বিবরন
সংস্থা লেখক: Томский политехнический институт (ТПИ) (595)
অন্যান্য লেখক: Разин В. М. (руководитель), Забашта Ю. П. (исполнитель)
ভাষা:রুশ
প্রকাশিত: Томск, 1975
বিষয়গুলি:
বিন্যাস: MixedMaterials গ্রন্থ
KOHA link:https://koha.lib.tpu.ru/cgi-bin/koha/opac-detail.pl?biblionumber=174562

MARC

LEADER 00000nbm0a2200000 4500
001 174562
005 20231031164838.0
029 0 0 |a SU  |b 75029908  |f ТПУ 
035 |a (RuTPU)RU\TPU\book\189292 
090 |a 174562 
100 |a 20100129d1975 k y0rusy50 ca 
101 0 |a rus 
102 |a RU 
105 |a a p 001zy 
200 1 |a Разработка адаптера и системы телевизионного ввода изображений в ЭВМ  |a Телевизионная система подсчета и ввода числа объектов в ЭВМ  |e Отчет о НИР  |e Тема: № 10-62/74  |f Томский политехнический институт (ТПИ) ; руководитель В. М. Разин ; Ю. П. Забашта 
210 |a Томск  |d 1975 
215 |a 47л. 
320 |a Библиогр.: с. 26. 
610 1 |a отчеты о НИР 
610 1 |a адаптеры 
610 1 |a телевизионные изображения 
610 1 |a ЭВМ 
610 1 |a ввод 
610 1 |a подсчет 
610 1 |a объекты 
610 1 |a счетчики 
610 1 |a питание 
610 1 |a источники 
675 |a 681.327.22(04)  |v 3 
702 1 |a Разин  |b В. М.  |4 673 
702 1 |a Забашта  |b Ю. П.  |4 677 
712 0 2 |a Томский политехнический институт (ТПИ)  |c (1944-1991)  |2 stltpush  |3 (RuTPU)RU\TPU\col\1123  |4 595 
801 1 |a RU  |b 63413507  |c 20100129 
801 2 |a RU  |b 63413507  |c 20160908  |g RCR 
942 |c BK